| 000 | 01182cam a2200229 4500 | ||
|---|---|---|---|
| 001 | WB@3612-107 | ||
| 008 | 040804n2004 000 0 eng u | ||
| 035 | _a(Sirsi) u127011 | ||
| 245 | _aCommittee criticises Whitehall | ||
| 260 | _c2004 | ||
| 490 |
_aODPM Committee Press Notice _v22 July 2004 (2) |
||
| 520 | _aThe House of Commons select committee on the ODPM has released "The role of historic buildings in urban regeneration". This report claims that Whitehall departments are too distant and are not working closely enough on their shared responsibilities and concludes that tourism and heritage (currently a Department for Culture, Media and Sport responsibility) and regeneration (a ODPM responsibility) should go hand in hand. The report can be viewed at: http://www.publications.parliament.uk/pa/cm200304/ cmselect/cmodpm/47/4702.htm. http://www.parliament.uk/parliamentary_committees/ odpm/odpm042207.cfm | ||
| 590 | _aWB | ||
| 590 | _aWB | ||
| 650 | _aURBAN REGENERATION | ||
| 650 | _aHISTORIC BUILDINGS | ||
| 650 | _aPLANNING PROCESS | ||
| 650 | _aGOVERNMENT DEPARTMENTS | ||
| 650 | _aREORGANISATION | ||
| 690 | _aBUILDING CONSERVATION | ||
| 942 | _n0 | ||
| 999 |
_c117817 _d117817 |
||